Midwifery essentials / (Record no. 2368)
[ view plain ]
| 000 -LEADER | |
|---|---|
| fixed length control field | 01191cam a2200265 i 4500 |
| 008 - FIXED-LENGTH DATA ELEMENTS--GENERAL INFORMATION | |
| fixed length control field | 170804m20179999stka bf 001 0 eng |
| 020 ## - INTERNATIONAL STANDARD BOOK NUMBER | |
| ISBN | 9780702070976 (volume 1) |
| 020 ## - INTERNATIONAL STANDARD BOOK NUMBER | |
| ISBN | 9780702070983 (volume 2) |
| 020 ## - INTERNATIONAL STANDARD BOOK NUMBER | |
| ISBN | 9780702070990 (volume 3) |
| 020 ## - INTERNATIONAL STANDARD BOOK NUMBER | |
| ISBN | 9780702071003 (volume 4) |
| 020 ## - INTERNATIONAL STANDARD BOOK NUMBER | |
| ISBN | 9780702071010 (volume 5) |
| 020 ## - INTERNATIONAL STANDARD BOOK NUMBER | |
| ISBN | 9780702071034 (volume 7) |
| 020 ## - INTERNATIONAL STANDARD BOOK NUMBER | |
| ISBN | 9780702071041 (volume 8) |
| 100 1# - MAIN ENTRY--AUTHOR | |
| Author | Baston, Helen, |
| 245 10 - TITLE STATEMENT | |
| Title | Midwifery essentials / |
| Statement of responsibility, etc | Helen Baston, BA (Hons), MMedSci, PhD, PGDipEd, ADM, RN, RM, Consultant Midwife Public Health; Sheffield Teaching Hospitals, NHS Foundation Trust, UK; Honorary Researcher/Lecturer, University of Sheffield; Honorary Lecturer, Sheffield Hallam University, UK, Jenny Hall, EdD, MSc, RN, RM, ADM, PGDip(HE), SFHEA, Senior Midwifery Lecturer, Bournemouth University, UK. |
| 250 ## - EDITION STATEMENT | |
| Edition statement | Edition 2. |
| 260 ## - PUBLICATION, DISTRIBUTION, ETC. (IMPRINT) | |
| Name of publisher | Elsevier Ltd |
| Date of publication | 2019 |
| 300 ## - COLLATION | |
| Pagination | <1-8 >volumes : |
| Other physical details | illustrations ; |
| 500 ## - GENERAL NOTE | |
| General note | Based on Midwifery basics articles published in The practising midwife journal. |
| 650 #0 - TRACINGS | |
| Main Subject | Midwifery |
| Subdivision (1st) | Handbooks, manuals, etc. |
| 700 1# - ADDITIONAL AUTHOR | |
| Additional Author | Hall, Jenny |
| 942 ## - ADDED ENTRY ELEMENTS (KOHA) | |
| Item type | Books |
| 050 00 - LIBRARY OF CONGRESS CALL NUMBER | |
| Classification number | RG950 |
| Item number | .B37 2017 |
| 082 00 - DEWEY DECIMAL CLASSIFICATION NUMBER | |
| Classification number | 618.2 |
| Source of classification or shelving scheme | Not for loan | Permanent location | Current location | Date acquired | Accession No. | Full call number | Barcode. | Koha item type |
|---|---|---|---|---|---|---|---|---|
| Library of Congress Classification | Medical Library | Medical Library | 03/17/2025 | 2024/64047 | RG950.M37 | 2025-0634 | Books |